Score 0/20 Timer 03:00
2 Plays Today
Single Title 'C' Word % Correct
What Goes Around... ____ AroundComes
97.1%
Hotel ____California
92.5%
Sweet ____ o' MineChild
90.5%
We Built This ____City
86.3%
I Can See ____ NowClearly
85.2%
____ in the WindCandle
76.5%
Rhinestone ____Cowboy
70.1%
____ MeCall
68.2%
In Da ____Club
67.7%
Nothing ____ 2 UCompares
66.4%
Single Title 'C' Word % Correct
True ____Colors
63.9%
Karma ____Chameleon
63.3%
____ in LoveCrazy
59.1%
____ WhisperCareless
53.2%
____ of FireChariots
48.4%
Get Off of My ____Cloud
46.5%
The ____ ManCandy
42%
____ That (Soulja Boy)Crank
41.9%
Good Luck ____Charm
20.5%
____ of LoveChapel
13.1%

Today's Daily Dose

Come Together.
Have Fun.
All Virtual.
We all need to come together. Play Sporcle's virtual live trivia to have fun, connect with people, and get your trivia on. Join a live hosted trivia game for your favorite pub trivia experience done virtually. If a virtual private party is more your thing, go here for details.

You're not logged in!

Compare scores with friends on all Sporcle quizzes.
OR
Log In

Sporcle TV

Today on Sporcle TV


Watch our educational content, quiz creation guides, and fun videos on Sporcle TV.

Show Comments

Extras

Top Quizzes Today


Score Distribution

Paid Content

Your Account Isn't Verified!

In order to create a playlist on Sporcle, you need to verify the email address you used during registration. Go to your Sporcle Settings to finish the process.

Report this User

Report this user for behavior that violates our Community Guidelines.

Details: